00336nam a2200133Ia 4500008004100000041000800041082001700049100001700066245005600083260002200139300000800161365001600169700001700185230718s9999 xx 000 0 und d aeng a005.678bKRI aKrishna S.J. aE - Business Emerging Models Strategies & Practices c2005bICFAI Books a167 cRs.b350.00 aKrishna S.J.